<?xml version="1.0" encoding="UTF-8"?>
<record
    xmlns:xsi="http://www.w3.org/2001/XMLSchema-instance"
    xsi:schemaLocation="http://www.loc.gov/MARC21/slim http://www.loc.gov/standards/marcxml/schema/MARC21slim.xsd"
    xmlns="http://www.loc.gov/MARC21/slim">

  <leader>00522nam a22001337a 4500</leader>
  <datafield tag="040" ind1=" " ind2=" ">
    <subfield code="c">RUA</subfield>
  </datafield>
  <datafield tag="082" ind1=" " ind2=" ">
    <subfield code="a">AGR LY 2015 B520 Or.1</subfield>
  </datafield>
  <datafield tag="100" ind1=" " ind2=" ">
    <subfield code="a">LY CHANTHOUN; &#x179B;&#x17B8; &#x1785;&#x1793;&#x17D2;&#x1792;&#x17BC;&#x1793;</subfield>
  </datafield>
  <datafield tag="245" ind1=" " ind2=" ">
    <subfield code="a">Effect of plant density on yield of cherry tomato (Lycopersicon esculentum); &#x17A5;&#x1791;&#x17D2;&#x1792;&#x17B7;&#x1796;&#x179B;&#x1793;&#x17C3;&#x178A;&#x1784;&#x17CB;&#x179F;&#x17CA;&#x17B8;&#x178F;&#x17C1;&#x178A;&#x17C6;&#x178E;&#x17B6;&#x17C6; &#x179B;&#x17BE;&#x1791;&#x17B7;&#x1793;&#x17D2;&#x1793;&#x1795;&#x179B;&#x1794;&#x17C9;&#x17C1;&#x1784;&#x1794;&#x17C4;&#x17C7;&#x1795;&#x17D2;&#x179B;&#x17C2;&#x178F;&#x17BC;&#x1785;</subfield>
  </datafield>
  <datafield tag="260" ind1=" " ind2=" ">
    <subfield code="a">Phnom Penh</subfield>
    <subfield code="b">LY </subfield>
    <subfield code="c">2015</subfield>
  </datafield>
  <datafield tag="300" ind1=" " ind2=" ">
    <subfield code="a">x;29p.</subfield>
    <subfield code="b">ill.</subfield>
    <subfield code="c">29cm.</subfield>
  </datafield>
  <datafield tag="856" ind1=" " ind2=" ">
    <subfield code="u">LY CHANTHOUN</subfield>
  </datafield>
  <datafield tag="942" ind1=" " ind2=" ">
    <subfield code="c">AGR</subfield>
  </datafield>
  <datafield tag="999" ind1=" " ind2=" ">
    <subfield code="c">10741</subfield>
    <subfield code="d">10741</subfield>
  </datafield>
  <datafield tag="952" ind1=" " ind2=" ">
    <subfield code="0">0</subfield>
    <subfield code="1">0</subfield>
    <subfield code="2">ddc</subfield>
    <subfield code="4">0</subfield>
    <subfield code="6">AGR_LY_2015_000000000000000_B520_OR_1</subfield>
    <subfield code="7">0</subfield>
    <subfield code="9">55984</subfield>
    <subfield code="a">LBB</subfield>
    <subfield code="b">LBB</subfield>
    <subfield code="c">B520</subfield>
    <subfield code="d">2016-11-04</subfield>
    <subfield code="o">AGR LY 2015 B520 Or.1</subfield>
    <subfield code="p">RUA062232</subfield>
    <subfield code="r">2016-11-04</subfield>
    <subfield code="w">2016-11-04</subfield>
    <subfield code="y">AGR</subfield>
  </datafield>
  <datafield tag="952" ind1=" " ind2=" ">
    <subfield code="0">0</subfield>
    <subfield code="1">0</subfield>
    <subfield code="2">ddc</subfield>
    <subfield code="4">0</subfield>
    <subfield code="6">AGR_LY_2015_000000000000000_B520_OR_2</subfield>
    <subfield code="7">0</subfield>
    <subfield code="9">55985</subfield>
    <subfield code="a">LBB</subfield>
    <subfield code="b">LBB</subfield>
    <subfield code="c">B520</subfield>
    <subfield code="d">2016-11-04</subfield>
    <subfield code="l">3</subfield>
    <subfield code="o">AGR LY 2015 B520 Or.2</subfield>
    <subfield code="p">A00368</subfield>
    <subfield code="r">2019-10-04</subfield>
    <subfield code="s">2019-08-30</subfield>
    <subfield code="w">2016-11-04</subfield>
    <subfield code="y">AGR</subfield>
  </datafield>
  <datafield tag="952" ind1=" " ind2=" ">
    <subfield code="0">0</subfield>
    <subfield code="1">0</subfield>
    <subfield code="2">ddc</subfield>
    <subfield code="4">0</subfield>
    <subfield code="6">AGR_LY_2015_000000000000000_B520_OR_3</subfield>
    <subfield code="7">0</subfield>
    <subfield code="9">55986</subfield>
    <subfield code="a">LBB</subfield>
    <subfield code="b">LBB</subfield>
    <subfield code="c">B520</subfield>
    <subfield code="d">2016-11-04</subfield>
    <subfield code="l">1</subfield>
    <subfield code="o">AGR LY 2015 B520 Or.3</subfield>
    <subfield code="p">A00940</subfield>
    <subfield code="r">2020-11-20</subfield>
    <subfield code="s">2020-10-19</subfield>
    <subfield code="w">2016-11-04</subfield>
    <subfield code="y">AGR</subfield>
  </datafield>
  <datafield tag="952" ind1=" " ind2=" ">
    <subfield code="0">0</subfield>
    <subfield code="1">0</subfield>
    <subfield code="2">ddc</subfield>
    <subfield code="4">0</subfield>
    <subfield code="6">AGR_LY_2015_000000000000000_B520_OR_4</subfield>
    <subfield code="7">0</subfield>
    <subfield code="9">55987</subfield>
    <subfield code="a">LBB</subfield>
    <subfield code="b">LBB</subfield>
    <subfield code="c">B520</subfield>
    <subfield code="d">2016-11-04</subfield>
    <subfield code="o">AGR LY 2015 B520 Or.4</subfield>
    <subfield code="p">RUA061011</subfield>
    <subfield code="r">2016-11-04</subfield>
    <subfield code="w">2016-11-04</subfield>
    <subfield code="y">AGR</subfield>
  </datafield>
  <datafield tag="952" ind1=" " ind2=" ">
    <subfield code="0">0</subfield>
    <subfield code="1">0</subfield>
    <subfield code="2">ddc</subfield>
    <subfield code="4">0</subfield>
    <subfield code="6">AGR_LY_2015_000000000000000_B520_OR_5</subfield>
    <subfield code="7">0</subfield>
    <subfield code="9">55988</subfield>
    <subfield code="a">LBB</subfield>
    <subfield code="b">LBB</subfield>
    <subfield code="c">B520</subfield>
    <subfield code="d">2016-11-04</subfield>
    <subfield code="o">AGR LY 2015 B520 Or.5</subfield>
    <subfield code="p">A02215</subfield>
    <subfield code="r">2016-11-04</subfield>
    <subfield code="w">2016-11-04</subfield>
    <subfield code="y">AGR</subfield>
  </datafield>
  <datafield tag="952" ind1=" " ind2=" ">
    <subfield code="0">0</subfield>
    <subfield code="1">0</subfield>
    <subfield code="2">ddc</subfield>
    <subfield code="4">0</subfield>
    <subfield code="6">AGR_LY_2015_000000000000000_B520_OR_6</subfield>
    <subfield code="7">0</subfield>
    <subfield code="9">55989</subfield>
    <subfield code="a">LBB</subfield>
    <subfield code="b">LBB</subfield>
    <subfield code="c">B520</subfield>
    <subfield code="d">2016-11-04</subfield>
    <subfield code="o">AGR LY 2015 B520 Or.6</subfield>
    <subfield code="p">A02251</subfield>
    <subfield code="r">2016-11-04</subfield>
    <subfield code="w">2016-11-04</subfield>
    <subfield code="y">AGR</subfield>
  </datafield>
  <datafield tag="952" ind1=" " ind2=" ">
    <subfield code="0">0</subfield>
    <subfield code="1">0</subfield>
    <subfield code="2">ddc</subfield>
    <subfield code="4">0</subfield>
    <subfield code="6">AGR_LY_2015_000000000000000_B520_OR_7</subfield>
    <subfield code="7">0</subfield>
    <subfield code="9">55990</subfield>
    <subfield code="a">LBB</subfield>
    <subfield code="b">LBB</subfield>
    <subfield code="c">B520</subfield>
    <subfield code="d">2016-11-04</subfield>
    <subfield code="o">AGR LY 2015 B520 Or.7</subfield>
    <subfield code="p">A01123</subfield>
    <subfield code="r">2016-11-04</subfield>
    <subfield code="w">2016-11-04</subfield>
    <subfield code="y">AGR</subfield>
  </datafield>
  <datafield tag="952" ind1=" " ind2=" ">
    <subfield code="0">0</subfield>
    <subfield code="1">0</subfield>
    <subfield code="2">ddc</subfield>
    <subfield code="4">0</subfield>
    <subfield code="6">AGR_LY_2015_000000000000000_B520_OR_8</subfield>
    <subfield code="7">0</subfield>
    <subfield code="9">55991</subfield>
    <subfield code="a">LBB</subfield>
    <subfield code="b">LBB</subfield>
    <subfield code="c">B520</subfield>
    <subfield code="d">2016-11-04</subfield>
    <subfield code="l">1</subfield>
    <subfield code="o">AGR LY 2015 B520 Or.8</subfield>
    <subfield code="p">A00060</subfield>
    <subfield code="r">2024-05-02</subfield>
    <subfield code="s">2024-04-29</subfield>
    <subfield code="w">2016-11-04</subfield>
    <subfield code="y">AGR</subfield>
  </datafield>
  <datafield tag="952" ind1=" " ind2=" ">
    <subfield code="0">0</subfield>
    <subfield code="1">0</subfield>
    <subfield code="4">0</subfield>
    <subfield code="6">AGR_LY_2015_000000000000000_B642_OR_1</subfield>
    <subfield code="7">0</subfield>
    <subfield code="9">88326</subfield>
    <subfield code="a">LBB</subfield>
    <subfield code="b">LBB</subfield>
    <subfield code="c">B642</subfield>
    <subfield code="d">2021-12-15</subfield>
    <subfield code="o">AGR LY 2015 B642 Or.1</subfield>
    <subfield code="p">A066188</subfield>
    <subfield code="r">2021-12-15</subfield>
    <subfield code="y">AGR</subfield>
  </datafield>
  <datafield tag="952" ind1=" " ind2=" ">
    <subfield code="0">0</subfield>
    <subfield code="1">0</subfield>
    <subfield code="4">0</subfield>
    <subfield code="6">AGR_LY_2015_000000000000000_B642_OR_1</subfield>
    <subfield code="7">0</subfield>
    <subfield code="9">88327</subfield>
    <subfield code="a">LBB</subfield>
    <subfield code="b">LBB</subfield>
    <subfield code="c">B642</subfield>
    <subfield code="d">2021-12-15</subfield>
    <subfield code="l">2</subfield>
    <subfield code="o">AGR LY 2015 B642 Or.1</subfield>
    <subfield code="p">A068825</subfield>
    <subfield code="r">2022-07-19</subfield>
    <subfield code="s">2022-06-27</subfield>
    <subfield code="y">AGR</subfield>
  </datafield>
</record>
